Writing for engineering and science students staking your claim

I tiakina i:
Ngā taipitopito rārangi puna kōrero
Kaituhi matua: RAU, Gerald
Hōputu: Pukapuka
Reo:Ingarihi
I whakaputaina: Routledge 2020
Tags: Tāpirihia he Tūtohu
No Tags, Be the first to tag this record!

MARC

LEADER 00000nam a22000007a 4500
008 240219b |||||||| |||| 00| 0 eng d
020 |a 9781138388253 
100 |a RAU, Gerald 
245 |a Writing for engineering and science students  |b staking your claim  |c /Gerald Rau  |g xiv, 294p;ill 
260 |b Routledge  |c 2020  |h New York  |i 699722  |i 699723  |l P301.R21  |m Academic writing - Study and teaching  |m Technical writing -Study and teaching  |m English language- Rhetoric -Study and teaching 
500 |a it includes references and index 
942 |a lcc  |c BK  |e Johnson  |f 19/02/24 
952 |0 0  |1 0  |2 lcc  |4 0  |6 P0301 R21  |7 0  |9 4841  |a ART  |b HOL  |c LP  |d 2024-02-19  |l 0  |o P301.R21  |p 2024-0094  |r 2024-02-19 00:00:00  |t 699722  |w 2024-02-19  |y BK 
952 |0 0  |1 0  |2 lcc  |4 0  |6 P0301 R21  |7 0  |9 4842  |a HOL  |b HOL  |c LP  |d 2024-02-19  |l 0  |o P301.R21  |p 2024-0095  |r 2024-02-19 00:00:00  |t 699723  |w 2024-02-19  |y BK 
999 |c 2415  |d 2415